000 01014nam a22002537a 4500
010 _aB-124810
020 _a8173809070
_c120.00
035 _aB-124810
037 _aCen Lib / Ret
040 _aDPL
_bPN
082 _2250
_aਜੋਸ਼ੀਐ
100 _aਜੋਸ਼ੀ, ਐਲ ਔਮ.
_9135454
245 _aਧੱਮਪਦ /
_cਔਲ ਔਮ ਜੋਸ਼ੀ ; ਅਨੁਵਾਦਕ ਸ਼ਾਰਦਾ ਗਾਂਧੀ
246 _aDhammapada : punjabi /
_bby L. M. Joshi ; translated by Sharda Gandhi
260 _aਪਟਿਆਲਾ
_bਪਬਲੀਕੇਸ਼ਨ ਬਿਊਰੋ
_c2004
270 _aਪੰਜਾਬੀ ਯੂਨੀਵਰਸਿਟੀ
_bਪਟਿਆਲਾ
300 _a168p.
_b24cm
650 _aਸਿੱਖ ਧਰਮ.
_91488
650 _aSikhism.
_93669
650 _aਸਿੱਖ ਫ਼ਲਸਫ਼ੇ.
_9135455
650 _aSikh philosophy.
_912954
700 _aਗਾਂਧੀ, ਸ਼ਾਰਦਾ
_9135456
942 _2ddc
_cPN
_h250
_mਜੋਸ਼ੀਐ
999 _c110991
_d110991